|
|
|
|
| LEADER |
02461nam a2200613 4500 |
| 001 |
ocn923009727 |
| 003 |
OCoLC |
| 005 |
20170527040544.9 |
| 006 |
m o d |
| 007 |
cr cnu|||unuuu |
| 008 |
151008s2015 enk ob 001 0 eng d |
| 040 |
|
|
|a N$T
|b eng
|e rda
|e pn
|c N$T
|d YDXCP
|d N$T
|d OCLCF
|d IDEBK
|d EBLCP
|d DG1
|d OHI
|d DEBBG
|d KSU
|d MERUC
|d DG1
|d CNCGM
|d GrThAP
|
| 019 |
|
|
|a 925286930
|
| 020 |
|
|
|a 9781118736012
|q electronic bk.
|
| 020 |
|
|
|a 111873601X
|q electronic bk.
|
| 020 |
|
|
|a 9781118735985
|q electronic bk.
|
| 020 |
|
|
|a 1118735986
|q electronic bk.
|
| 020 |
|
|
|z 9781118736050
|
| 020 |
|
|
|z 1118736052
|
| 020 |
|
|
|z 1118736001
|
| 020 |
|
|
|z 1118736044
|
| 035 |
|
|
|a (OCoLC)923009727
|z (OCoLC)925286930
|
| 037 |
|
|
|a 839978
|b MIL
|
| 050 |
|
4 |
|a S597.G68
|
| 072 |
|
7 |
|a GAR
|x 005000
|2 bisacsh
|
| 072 |
|
7 |
|a TEC
|x 003000
|2 bisacsh
|
| 082 |
0 |
4 |
|a 634.8/8
|2 23
|
| 049 |
|
|
|a MAIN
|
| 245 |
0 |
0 |
|a Grapevine in a changing environment :
|b a molecular and ecophysiological perspective /
|c edited by Hernâni Gerós, Maria Manuela Chaves, Hipólito Medrano Gil and Serge Delrot.
|
| 264 |
|
1 |
|a Chichester, West Sussex :
|b Wiley Blackwell,
|c 2016.
|
| 300 |
|
|
|a 1 online resource
|
| 336 |
|
|
|a text
|b txt
|2 rdacontent
|
| 337 |
|
|
|a computer
|b c
|2 rdamedia
|
| 338 |
|
|
|a online resource
|b cr
|2 rdacarrier
|
| 588 |
0 |
|
|a Online resource; title from PDF title page (EBSCO, viewed October 14, 2015).
|
| 504 |
|
|
|a Includes bibliographical references and index.
|
| 650 |
|
0 |
|a Grapes
|x Climatic factors.
|
| 650 |
|
0 |
|a Viticulture
|x Environmental aspects.
|
| 650 |
|
0 |
|a Grapes
|x Nutrition.
|
| 650 |
|
0 |
|a Grapes
|x Soils.
|
| 650 |
|
7 |
|a GARDENING / Fruit
|2 bisacsh
|
| 650 |
|
7 |
|a TECHNOLOGY & ENGINEERING / Agriculture / General
|2 bisacsh
|
| 650 |
|
7 |
|a Grapes
|x Climatic factors.
|2 fast
|0 (OCoLC)fst00946527
|
| 650 |
|
7 |
|a Grapes
|x Nutrition.
|2 fast
|0 (OCoLC)fst00946557
|
| 650 |
|
7 |
|a Grapes
|x Soils.
|2 fast
|0 (OCoLC)fst00946569
|
| 650 |
|
7 |
|a Viticulture
|x Environmental aspects.
|2 fast
|0 (OCoLC)fst01168264
|
| 655 |
|
4 |
|a Electronic books.
|
| 700 |
1 |
|
|a Gerós, Hernâni Varanda,
|e editor.
|
| 700 |
1 |
|
|a Manuela Chaves, Maria,
|e editor.
|
| 700 |
1 |
|
|a Medrano Gil, Hipólito,
|e editor.
|
| 700 |
1 |
|
|a Delrot, Serge,
|d 1955-
|e editor.
|
| 776 |
0 |
8 |
|i Erscheint auch als:
|n Druck-Ausgabe
|a Grapevine in a changing environment .
|t a molecular and ecophysiological perspective
|
| 856 |
4 |
0 |
|u https://doi.org/10.1002/9781118735985
|z Full Text via HEAL-Link
|
| 994 |
|
|
|a 92
|b DG1
|